| 000 | 00332nam a2200133Ia 4500 | ||
|---|---|---|---|
| 008 | 190216s9999||||xx |||||||||||||| ||und|| | ||
| 100 | _aAwasthi. Sk | ||
| 245 | 0 | _aEconomic Development And Planning In Retrospect | |
| 250 | _a1st Ed. | ||
| 260 |
_bVikas Publishing House _c1983 |
||
| 300 | _a585 | ||
| 650 | _aEconomics | ||
| 942 | _cBK | ||
| 999 |
_c9625 _d9625 |
||